000
00275nam a22001097a 4500
082
_a
621.3813 HAM
100
_a
HAMILTON,DONALD.R:KNIPP,JULLIAN.K
_9
73685
245
_a
KLYSTRONS AND MICROWAVE TRIODES
260
_a
NEW YORK
_b
MCGRAW HILL
_c
1948
300
_a
531P
942
_c
BK
999
_c
579335
_d
579335